00620 2200217 4500001002100000005001500021035002000036007000300056008004100059020002200100082001000122084001600132100001800148245012300166250001000289260003800299300002500337650001800362990001100380990001100391INLIS00000000000027020170914032427 a0010-0917000256ta170914 g 0 ind  a978-979-3064-66-6 a2x9.8 a2x9.8 KEN t0 aKennedy, Hugh1 aThe Gread Arab Qonquests :bPenaklukan Terbesar dalam Sejarah Islam yang Mengubah Dunia /ceditor, Ade Fakih Kurniawan acet.1 aJakarta :bPustaka Alfabet,c2008 a552hlm ;c15 x 23 cm aSejarah Islam a10736a a10736b